Genealogies of Citizenship : (Record no. 13295)
[ view plain ]
| 000 -LEADER | |
|---|---|
| fixed length control field | 02453cam a2200325 a 4500 |
| 001 - CONTROL NUMBER | |
| control field | 15171916 |
| 005 - DATE AND TIME OF LATEST TRANSACTION | |
| control field | 20161025133530.0 |
| 008 - FIXED-LENGTH DATA ELEMENTS--GENERAL INFORMATION | |
| fixed length control field | 080207s2008 enka |rb 001 0 eng |
| 010 ## - LIBRARY OF CONGRESS CONTROL NUMBER | |
| LC control number | 2008005101 |
| 020 ## - INTERNATIONAL STANDARD BOOK NUMBER | |
| International Standard Book Number | 9780521793940 (pbk.) |
| 035 ## - SYSTEM CONTROL NUMBER | |
| System control number | (OCoLC)192045576 |
| 035 ## - SYSTEM CONTROL NUMBER | |
| System control number | (OCoLC)ocn192045576 |
| 040 ## - CATALOGING SOURCE | |
| Original cataloging agency | DLC |
| Transcribing agency | DLC |
| Modifying agency | BTCTA |
| -- | BAKER |
| -- | YDXCP |
| -- | BWKUK |
| -- | BWK |
| -- | BWX |
| -- | CDX |
| -- | DLC |
| 050 00 - LIBRARY OF CONGRESS CALL NUMBER | |
| Classification number | JF801 |
| Item number | .S65 2008 |
| 082 00 - DEWEY DECIMAL CLASSIFICATION NUMBER | |
| Classification number | 323.6 |
| Edition number | 22 |
| Item number | SOM |
| 100 1# - MAIN ENTRY--PERSONAL NAME | |
| Personal name | Somers, Margaret R. |
| 9 (RLIN) | 11012 |
| 245 10 - TITLE STATEMENT | |
| Title | Genealogies of Citizenship : |
| Remainder of title | Markets, Statelessness, and the Right to have Rights / |
| Statement of responsibility, etc | Margaret R. Somers. |
| 260 ## - PUBLICATION, DISTRIBUTION, ETC. (IMPRINT) | |
| Place of publication, distribution, etc | Cambridge, UK: |
| Name of publisher, distributor, etc | Cambridge University Press, 2008 |
| Date of publication, distribution, etc | 2008. |
| 300 ## - PHYSICAL DESCRIPTION | |
| Extent | xix, 338 p. : |
| Other physical details | ill. ; |
| Dimensions | 24 cm. |
| 490 ## - Series Statement | |
| Series statement | Cambridge Cultural Social Studies |
| 504 ## - BIBLIOGRAPHY, ETC. NOTE | |
| Bibliography, etc | Includes bibliographical references (p. 289-331) and index. |
| 505 0# - FORMATTED CONTENTS NOTE | |
| Formatted contents note | Theorizing citizenship rights and statelessness -- Citizenship imperiled : how marketization creates social exclusion, statelessness, and rightlessness -- Genealogies of Katrina : the unnatural disasters of market fundamentalism, racial exclusion, and statelessness -- Citizenship, statelessness, nation, nature, and social exclusion : Arendtian lessons in losing the right to have rights -- Historical epistemologies of citizenship : rights, civil society, and the public sphere -- Citizenship troubles : genealogies of struggle for the soul of the social -- What's political or cultural about political culture and the public sphere? : toward a historical epistemology of concept formation -- In search of civil society and democratic citizenship : romancing the market, reviling the state -- Let them eat social capital : how marketizing the social turned Solidarity into a bowling team -- Fear and loathing of the public sphere : how to unthink a knowledge culture by narrating and denaturalizing Anglo-American citizenship theory. |
| 650 #0 - SUBJECT ADDED ENTRY--TOPICAL TERM | |
| Topical term or geographic name as entry element | Citizenship. |
| 9 (RLIN) | 11013 |
| 650 #0 - SUBJECT ADDED ENTRY--TOPICAL TERM | |
| 9 (RLIN) | 11014 |
| Topical term or geographic name as entry element | Civil rights |
| 856 42 - ELECTRONIC LOCATION AND ACCESS | |
| Materials specified | Contributor biographical information |
| Uniform Resource Identifier | <a href="http://www.loc.gov/catdir/enhancements/fy0810/2008005101-b.html">http://www.loc.gov/catdir/enhancements/fy0810/2008005101-b.html</a> |
| 856 42 - ELECTRONIC LOCATION AND ACCESS | |
| Materials specified | Publisher description |
| Uniform Resource Identifier | <a href="http://www.loc.gov/catdir/enhancements/fy0810/2008005101-d.html">http://www.loc.gov/catdir/enhancements/fy0810/2008005101-d.html</a> |
| 856 41 - ELECTRONIC LOCATION AND ACCESS | |
| Materials specified | Table of contents only |
| Uniform Resource Identifier | <a href="http://www.loc.gov/catdir/enhancements/fy0810/2008005101-t.html">http://www.loc.gov/catdir/enhancements/fy0810/2008005101-t.html</a> |
| 942 ## - ADDED ENTRY ELEMENTS (KOHA) | |
| Source of classification or shelving scheme | Dewey Decimal Classification |
| Item type | Book - Borrowing |
| Withdrawn status | Item status | Source of classification or shelving scheme | Damaged status | Not for loan | Vendor | Home library | Current library | Shelving location | Date acquired | Source of acquisition | Cost, normal purchase price | Serial Enumeration / chronology | Total Checkouts | Total Renewals | Full call number | Barcode | Date last seen | Date last borrowed | Koha item type |
|---|---|---|---|---|---|---|---|---|---|---|---|---|---|---|---|---|---|---|---|
| Dewey Decimal Classification | Central Library | Central Library | First floor | 07/02/2010 | 245.00 | 1324 | 2 | 2 | 323.6 SOM | 000019670 | 15/07/2025 | 27/04/2014 | Book - Borrowing |